000 00531nam a2200133 a 4500
008 120416s2003 ||||||||||||||||| || u
050 _aIBRD(08)WP
100 _aBellier, Michel
245 1 0 _aPrivate participation in infrastructure in China
246 _aissues and recommendations for the road, water, and power sectors
260 _aWashington, D.C.
_bWorld Bank
_c2003
350 _a0.00
995 _D0.00
_FCBU-MAIN LIBRARY (Kitwe)
_H1
_I0.00
_UAVAILABLE
_ZInternational Publications
999 _c54675
_d54675